Najlepiej zarabiający polscy piłkarze. - Statystyki

Ogólne statystyki
  • Ten quiz został rozwiązany 116 razy
  • Średni wynik to 5 z 7
Statystyki odpowiedzi
Hint Odpowiedź % Poprawnych
1. 114,2 mln zł. Lewandowski
100%
2. 52,7 mln zł. Szczęsny
91%
3. 28,5 mln zł. Zieliński
91%
5. 19,7 mln zł. Milik
80%
6. 18,1 mln zł. Piątek
53%
4. 21,3 mln zł. Cash
41%
7. 17,3 mln zł. Fabiański
31%
Nie znaleziono quizów pasujących do podanych kryteriów
Rozkład punktacji
Procent ludzi z każdym wynikiem
Percentyl według liczby udzielonych odpowiedzi
Twoja historia wyników
Nie rozwiązałeś tego quizu